000 00792nas a2200265 4500
001 BR9705452
003 BR-BrBNA
005 20231205100636.0
007 ta
008 230509b bl.|||p| |||| 00| 00por d
040 _aBR-BrBNA
_bpor
_cBiblioteca Nacional de Agricultura
041 _a(Pt)
072 _aL70
100 1 _aAndrade, S.F.
100 1 _aMader, R.C.D.
245 1 _aUso de droga antiinflamatoria nao-esteroide no tratamento do choque endotoxico em caes
650 _aCao
650 _aVeterinaria
650 _aCirculacao Sanguinea
650 _aPressao Arterial
650 _aMedicamento
773 0 _tHora Veterinaria (Brazil)
_xISSN 0101-9163
_g(Nov-Dec 1997), v. 17(100) p. 14-18
_wBR9705452
909 _a202311
_bLúcia
_c55
_dLúcia Elande
942 _2AGRIS
_n0
_cANA
999 _c157188
_d157188